Drapeaux - Statistiques

Statistiques générales
  • Ce quiz a été pris 131 fois
  • Le résultat moyen est 16 sur 17
Statistiques - réponses
Par images Réponse % Correct
Algérie
100%
Canada
100%
Espagne
100%
Etats Unis
100%
France
100%
Royaume Uni
100%
Irlande
99%
Italie
99%
Australie
98%
Japon
98%
Pays Bas
98%
Russie
98%
Nouvelle Zélande
93%
Côte d'Ivoire
88%
Hongrie
84%
Bulgarie
81%
Madagascar
58%
Aucun quiz correspondant
Distribution des résultats
% des personnes avec chaque résultat
Percentile par nombre de réponses
Votre historique - résultats
Vous n’avez pas pris ce quiz